[Event "2BLS 2122 SV 1947 Walldorf - SG Speyer-"]
[Site "?"]
[Date "2022.03.05"]
[Round "1.7"]
[White "Berend, Fred"]
[Black "Hauser, Carlos"]
[Result "1-0"]
[WhiteElo "2323"]
[BlackElo "2257"]
[PlyCount "269"]
[EventDate "2022.??.??"]

1. d4 d5 2. c4 c6 3. Nf3 Nf6 4. e3 Bf5 5. Nc3 e6 6. Nh4 Be4 7. f3 Bg6 8. Bd2
Nbd7 9. Qb3 Qc7 10. cxd5 exd5 11. Rc1 Qb6 12. Nxg6 Qxb3 13. axb3 hxg6 14. Kf2
Bb4 15. Bd3 O-O 16. g4 c5 17. g5 cxd4 18. exd4 Nh5 19. Rc2 Nb6 20. Bf1 f6 21.
Bh3 fxg5 22. Be6+ Kh7 23. Bxg5 Nf4 24. Bg4 Rae8 25. Rd1 a6 26. Ne2 Ne6 27. Bh4
g5 28. Bg3 Nf4 29. h4 Nxe2 30. Rxe2 Rxe2+ 31. Kxe2 gxh4 32. Bxh4 Bd6 33. Rh1
Kg6 34. Kd3 Rh8 35. Rh3 Bf4 36. Be7 Rxh3 37. Bxh3 Kf7 38. Bd8 Na8 39. Bc8 Ke8
40. Bh4 b6 41. Bxa6 Kd7 42. Bb5+ Kd6 43. Be8 Nc7 44. Bg6 Kc6 45. Be7 Bd6 46.
Bg5 Ne6 47. Be8+ Kc7 48. Bd2 Nf4+ 49. Ke3 g5 50. Bb5 Ne6 51. Kd3 Bf4 52. Bc3
Bd6 53. Be1 Nf4+ 54. Kc2 Ne6 55. Kc3 Nf4 56. Bd2 Ne6 57. Kd3 Be7 58. Be8 Nf4+
59. Ke3 Bf6 60. Bc3 Kd8 61. Bb5 Kc7 62. b4 Ne6 63. Be8 Kd8 64. Bc6 Nf4 65. Ba4
Ke7 66. b5 Ng2+ 67. Kf2 Nf4 68. Bb3 Kd6 69. Ba2 Ne6 70. Ke3 Nf4 71. Bb3 Ke6 72.
Bd1 Kd6 73. Bc2 Ke6 74. Bh7 Kd6 75. Bf5 Ne6 76. Bb4+ Kd7 77. Kd3 Be7 78. Ba3
Bf6 79. b3 Be7 80. Bc1 Bf6 81. Bd2 Kd6 82. Bb4+ Kd7 83. Bc3 Kd6 84. Ke3 Nf4 85.
Bb4+ Kc7 86. Ba3 Ng2+ 87. Kf2 Nh4 88. Be6 Bxd4+ 89. Ke2 Ng6 90. Kd3 Be5 91.
Bxd5 Bd6 92. Bc1 Bf4 93. Bb2 Be5 94. Bxe5+ Nxe5+ 95. Ke4 Kd6 96. Bg8 g4 97. f4
Nd7 98. Bc4 Nf6+ 99. Kd4 Nh5 100. Ke3 Ng7 101. Ke4 g3 102. Bf1 Ke6 103. Kf3 Kf6
104. Bh3 Ne8 105. Kxg3 Ke7 106. Bf1 Nf6 107. Bc4 Ne4+ 108. Kf3 Nf6 109. Ke3 Kd6
110. Kd4 Nh5 111. Ke4 Ng3+ 112. Kf3 Nh5 113. Kg4 Nf6+ 114. Kf5 Ke7 115. Kg6 Ne4
116. Bd5 Nf6 117. Bf3 Ne8 118. Be2 Nd6 119. Bd3 Ne8 120. Kf5 Kd6 121. Bc4 Ke7
122. Ke5 Nf6 123. Be6 Nh5 124. Bg4 Nf6 125. Bf3 Nd7+ 126. Kd5 Nc5 127. Bd1 Nd3
128. f5 Nb4+ 129. Kc4 Na2 130. Kd4 Nb4 131. Bf3 Kd6 132. Be4 Na2 133. Bd3 Nb4
134. Bc4 Nc2+ 135. Ke4 1-0

[Event "2BLS 2122 SV 1947 Walldorf - SG Speyer-"]
[Site "?"]
[Date "2022.03.05"]
[Round "1.8"]
[White "Adler, Joel"]
[Black "Kraemer, Enrico"]
[Result "0-1"]
[WhiteElo "2222"]
[BlackElo "2224"]
[PlyCount "50"]
[EventDate "2022.??.??"]

1. d4 Nf6 2. c4 e6 3. Nf3 d5 4. Bg5 dxc4 5. Qa4+ Nbd7 6. Qxc4 c5 7. Nc3 a6 8.
dxc5 Bxc5 9. e3 b5 10. Qb3 Bb7 11. Be2 O-O 12. O-O Rc8 13. Rad1 Qe7 14. a3 Rfd8
15. Rd2 h6 16. Bh4 Ba7 17. Rfd1 Bb8 18. a4 b4 19. Bxf6 gxf6 20. Na2 a5 21. Qd3
Bd5 22. Nc1 Nc5 23. Qb5 Ne4 24. Rd4 Ba7 25. R4d3 Rc5 0-1

[Event "2BLS 2122 SV Worms 1878 - TSV Schott Ma"]
[Site "?"]
[Date "2022.03.05"]
[Round "1.1"]
[White "Lobron, Eric"]
[Black "Karsay, Pascal"]
[Result "1-0"]
[WhiteElo "2505"]
[BlackElo "2310"]
[PlyCount "45"]
[EventDate "2022.??.??"]

1. d4 Nf6 2. Nf3 e6 3. Bf4 d5 4. e3 Bd6 5. c3 O-O 6. Nbd2 c5 7. dxc5 Bxc5 8.
Bd3 Nbd7 9. O-O h6 10. b4 Be7 11. h3 b6 12. e4 dxe4 13. Nxe4 Nd5 14. Bh2 N7f6
15. a3 Bb7 16. Ne5 Ne3 17. fxe3 Bxe4 18. Rxf6 Bxd3 19. Rf4 Bb5 20. Qf3 Qe8 21.
c4 Bd6 22. Rg4 Ba4 23. Qf6 1-0

[Event "2BLS 2122 SV Worms 1878 - TSV Schott Ma"]
[Site "?"]
[Date "2022.03.05"]
[Round "1.2"]
[White "Nasshan, Dennis"]
[Black "Balcerak, Jakob"]
[Result "0-1"]
[WhiteElo "2307"]
[BlackElo "2476"]
[PlyCount "48"]
[EventDate "2022.??.??"]

1. d4 d5 2. Nf3 Nf6 3. c4 c6 4. Nc3 dxc4 5. a4 Bf5 6. Ne5 Nbd7 7. Nxc4 Nb6 8.
Ne5 a5 9. f3 Nfd7 10. Nxd7 Nxd7 11. e4 Bg6 12. Be3 Qb6 13. Qd2 e5 14. Rd1 O-O-O
15. d5 Bc5 16. Bxc5 Nxc5 17. Bc4 f5 18. exf5 Bxf5 19. Qe3 Nxa4 20. Qg5 Bc2 21.
Nxa4 Bxa4 22. Rd2 cxd5 23. Bxd5 Kb8 24. Qh4 Qe3+ 0-1

[Event "2BLS 2122 SV Worms 1878 - TSV Schott Ma"]
[Site "?"]
[Date "2022.03.05"]
[Round "1.3"]
[White "David, Alexandru-Vasile"]
[Black "Baerwinkel, Tobias"]
[Result "1-0"]
[WhiteElo "2436"]
[BlackElo "2348"]
[PlyCount "53"]
[EventDate "2022.??.??"]

1. d4 Nf6 2. c4 e6 3. Nc3 Bb4 4. e3 O-O 5. Bd3 d5 6. a3 Bxc3+ 7. bxc3 c5 8.
cxd5 exd5 9. Ne2 c4 10. Bc2 Bg4 11. f3 Bh5 12. Nf4 Qa5 13. Nxh5 Nxh5 14. Bd2 f5
15. O-O Nc6 16. Qb1 f4 17. Bxh7+ Kh8 18. Qc2 g5 19. Bg6 fxe3 20. Bxe3 Nf4 21.
Bxf4 gxf4 22. Rfe1 Rf6 23. Be8 Nd8 24. Re7 Rh6 25. Qf5 Kg8 26. Qg5+ Kf8 27.
Qg7# 1-0

[Event "2BLS 2122 SV Worms 1878 - TSV Schott Ma"]
[Site "?"]
[Date "2022.03.05"]
[Round "1.4"]
[White "Ollenberger, Roland"]
[Black "Cicak, Slavko"]
[Result "0-1"]
[WhiteElo "2255"]
[BlackElo "2488"]
[PlyCount "80"]
[EventDate "2022.??.??"]

1. e4 c5 2. Nf3 d6 3. d4 cxd4 4. Nxd4 Nf6 5. Nc3 g6 6. Be3 a6 7. Bc4 Qc7 8. Bb3
Nbd7 9. g4 h6 10. f3 b5 11. Qd2 Bb7 12. O-O-O Ne5 13. Kb1 Bg7 14. h4 h5 15. g5
Nfd7 16. f4 Nc4 17. Qe2 Ndb6 18. Bc1 Qc5 19. Qd3 O-O 20. Rhf1 b4 21. Na4 Nxa4
22. Qxc4 Qxc4 23. Bxc4 Bxe4 24. Rfe1 d5 25. Bd3 Bxd3 26. Rxd3 e6 27. Nc6 a5 28.
a3 Ra6 29. Ne5 Bxe5 30. Rxe5 Nc5 31. Rd4 bxa3 32. b3 a4 33. Bxa3 axb3 34. Bb2
bxc2+ 35. Kxc2 Rc8 36. Kd1 Ra2 37. Rd2 Nd3 38. Rxd3 Rxb2 39. f5 Ra8 40. Kc1 Rh2
0-1

[Event "2BLS 2122 SV Worms 1878 - TSV Schott Ma"]
[Site "?"]
[Date "2022.03.05"]
[Round "1.5"]
[White "Cremer, Kevin"]
[Black "Muranyi, Karl-Jasmin"]
[Result "0-1"]
[WhiteElo "2276"]
[BlackElo "2330"]
[PlyCount "78"]
[EventDate "2022.??.??"]

1. e3 Nf6 2. Nf3 b6 3. b3 g6 4. Bb2 Bg7 5. g4 d6 6. g5 Nh5 7. d4 Bb7 8. Nc3 Nd7
9. d5 c6 10. Bc4 Qc8 11. Nd4 cxd5 12. Bxd5 O-O 13. Qf3 Bxd5 14. Nxd5 Re8 15.
O-O-O e6 16. Nb5 Bxb2+ 17. Kxb2 exd5 18. Nxd6 Ne5 19. Qxd5 Qe6 20. Nxe8 Rxe8
21. Qxe6 Rxe6 22. Rd8+ Kg7 23. Rhd1 Nf3 24. R1d6 Nxg5 25. Rxe6 Nxe6 26. Ra8 Nf6
27. Rxa7 Ng4 28. Rb7 Nxh2 29. Rxb6 h5 30. a4 h4 31. a5 h3 32. Rd6 Ng4 33. a6 h2
34. Rd1 Nxf2 35. Ra1 Nc7 36. a7 g5 37. b4 g4 38. b5 Na8 39. c4 Ne4 0-1

[Event "2BLS 2122 SV Worms 1878 - TSV Schott Ma"]
[Site "?"]
[Date "2022.03.05"]
[Round "1.6"]
[White "Feldmann, Johannes"]
[Black "Goebel, Constantin"]
[Result "1/2-1/2"]
[WhiteElo "2219"]
[BlackElo "2272"]
[PlyCount "82"]
[EventDate "2022.??.??"]

1. c4 Nf6 2. Nc3 e6 3. e4 d5 4. e5 d4 5. exf6 dxc3 6. bxc3 Qxf6 7. d4 c5 8. Nf3
h6 9. Bd3 Nc6 10. Be4 Bd6 11. Rb1 O-O 12. O-O e5 13. dxc5 Bxc5 14. Be3 Bd6 15.
Qa4 Nd8 16. Rfd1 Qe7 17. Qa5 f5 18. Rxd6 fxe4 19. Qxe5 Qc7 20. Rd4 Qf7 21. Rxe4
Bf5 22. Rf4 Nc6 23. Qxf5 Qxf5 24. Rxf5 Rxf5 25. Rxb7 Rf7 26. Rb5 Rb8 27. h4 a6
28. Rc5 Ne7 29. Nd4 Rc8 30. Ra5 Rxc4 31. Rxa6 Rxc3 32. Ne6 Rc6 33. Ra8+ Rc8 34.
Rxc8+ Nxc8 35. a4 Rb7 36. Bd4 Rb4 37. Bc3 Rc4 38. Bb2 Rb4 39. Bc3 Rxh4 40. Nxg7
Rxa4 41. Nf5 Kh7 1/2-1/2

[Event "2BLS 2122 SV Worms 1878 - TSV Schott Ma"]
[Site "?"]
[Date "2022.03.05"]
[Round "1.7"]
[White "Gohil, Harry"]
[Black "Musiolik, David"]
[Result "0-1"]
[WhiteElo "2271"]
[BlackElo "2166"]
[PlyCount "82"]
[EventDate "2022.??.??"]

1. Nf3 Nf6 2. g3 d5 3. Bg2 e6 4. d3 Be7 5. O-O O-O 6. Nbd2 c5 7. e4 Nc6 8. Re1
b5 9. e5 Nd7 10. Nf1 f6 11. exf6 Bxf6 12. Rxe6 Nde5 13. Nxe5 Nxe5 14. Rxf6 Qxf6
15. Bxd5+ Kh8 16. f4 Bg4 17. Qe1 Nf3+ 18. Bxf3 Bxf3 19. Qf2 Qe6 20. Qxc5 Rac8
21. Qe3 Qg4 22. h3 Qh5 23. Nd2 Rxc2 24. g4 Bxg4 25. hxg4 Qxg4+ 26. Kf1 Qd1+ 27.
Kf2 Rxc1 28. Rxc1 Qxc1 29. b3 Qc7 30. Kg3 g5 31. Qe5+ Qxe5 32. fxe5 Rd8 33. Ne4
Rxd3+ 34. Kf2 h6 35. Nd6 a6 36. Ke2 Rd5 37. Kf3 Kg8 38. Nf5 Rxe5 39. Nxh6+ Kg7
40. Ng4 Rf5+ 41. Ke3 Kg6 0-1

[Event "2BLS 2122 SV Worms 1878 - TSV Schott Ma"]
[Site "?"]
[Date "2022.03.05"]
[Round "1.8"]
[White "Voelbel, Patrick"]
[Black "Siebenhaar, Erich"]
[Result "1-0"]
[WhiteElo "2094"]
[BlackElo "2033"]
[PlyCount "89"]
[EventDate "2022.??.??"]

1. d4 g6 2. e4 Bg7 3. Nc3 d6 4. Be3 Nd7 5. Qd2 a6 6. O-O-O b5 7. h4 Bb7 8. h5
c5 9. dxc5 Nxc5 10. f3 h6 11. hxg6 fxg6 12. Nge2 Ne6 13. Nd5 Bxd5 14. exd5 Nf8
15. g3 Qc7 16. Bh3 Rb8 17. Nf4 b4 18. Qd3 Qa5 19. Kb1 Qb5 20. Qd2 Qc4 21. Bf1
Qc3 22. Qc1 Qc8 23. Bd3 Kf7 24. Qd2 Qc3 25. Qxc3 bxc3 26. b3 a5 27. a4 Nf6 28.
Bc4 N6d7 29. Ne2 g5 30. Bb5 Ne5 31. f4 gxf4 32. gxf4 Ng4 33. Bd4 Bxd4 34. Rxd4
h5 35. Nxc3 Ng6 36. Bd7 Rb4 37. Rxb4 axb4 38. Bxg4 hxg4 39. Rxh8 Nxh8 40. Ne2
Ke8 41. Kc1 Ng6 42. Kd2 Nf8 43. Nd4 Ng6 44. Ke3 Nh4 45. Kf2 1-0

[Event "2BLS 2122 SC Ötigheim - SC Eppingen"]
[Site "?"]
[Date "2022.03.06"]
[Round "2.1"]
[White "Noe, Christopher"]
[Black "Bauer, Christian"]
[Result "1/2-1/2"]
[WhiteElo "2515"]
[BlackElo "2613"]
[PlyCount "51"]
[EventDate "2022.??.??"]

1. d4 e6 2. c4 f5 3. Nc3 Nf6 4. Nf3 Bb4 5. Bd2 O-O 6. a3 Bxc3 7. Bxc3 Ne4 8.
Rc1 d6 9. e3 b6 10. Be2 Bb7 11. O-O Nd7 12. b3 Rf6 13. Nd2 Rh6 14. Nxe4 Qh4 15.
h3 Bxe4 16. f3 Bb7 17. Qe1 Qg5 18. Kh2 Rg6 19. Qf2 Nf6 20. Bd3 Rf8 21. b4 Nh5
22. Rfd1 Ng3 23. Be1 Nh5 24. Bc3 Qh6 25. Be1 Qg5 26. Bc3 1/2-1/2

[Event "2BLS 2122 SC Ötigheim - SC Eppingen"]
[Site "?"]
[Date "2022.03.06"]
[Round "2.2"]
[White "Van den Doel, Erik"]
[Black "Mesaros, Florian"]
[Result "1-0"]
[WhiteElo "2585"]
[BlackElo "2419"]
[PlyCount "81"]
[EventDate "2022.??.??"]

1. d4 d5 2. Nf3 Nf6 3. Bf4 e6 4. e3 c5 5. Be2 Qb6 6. Nc3 Bd7 7. O-O cxd4 8.
Qxd4 Bc5 9. Qd3 O-O 10. Be5 Bc6 11. Bxf6 gxf6 12. e4 d4 13. Nd1 Rd8 14. Nd2 Bf8
15. Qg3+ Bg7 16. Bd3 Qa5 17. Nb3 Qg5 18. Qh3 Qf4 19. g3 Qh6 20. Qg2 a5 21. f4
f5 22. Qe2 fxe4 23. Bxe4 Bxe4 24. Qxe4 Nc6 25. Nc5 Nb4 26. Nxb7 Rd5 27. c4 dxc3
28. bxc3 Rb8 29. Rb1 Nxa2 30. Qc2 Rd7 31. Nc5 Rxb1 32. Nxd7 Ra1 33. Qb2 Bxc3
34. Nxc3 Rxf1+ 35. Kxf1 Qh3+ 36. Kg1 Nb4 37. Ne4 Qf5 38. Ndf6+ Kf8 39. Qc3 Qb5
40. Qc8+ Kg7 41. Qg8+ 1-0

[Event "2BLS 2122 SC Ötigheim - SC Eppingen"]
[Site "?"]
[Date "2022.03.06"]
[Round "2.3"]
[White "Medvegy, Zoltan"]
[Black "Cornette, Matthieu"]
[Result "1-0"]
[WhiteElo "2510"]
[BlackElo "2571"]
[PlyCount "225"]
[EventDate "2022.??.??"]

1. Nf3 d5 2. g3 Nf6 3. Bg2 e6 4. O-O Be7 5. c4 O-O 6. d4 dxc4 7. Ne5 Nc6 8.
Bxc6 bxc6 9. Nxc6 Qe8 10. Nxe7+ Qxe7 11. Qc2 e5 12. Rd1 exd4 13. Rxd4 Be6 14.
Nc3 Rab8 15. Bf4 Rb4 16. Rad1 Rfb8 17. Bc1 h6 18. Qd2 Qc5 19. Rd8+ Rxd8 20.
Qxd8+ Kh7 21. Qd4 Nd7 22. Kg2 Qxd4 23. Rxd4 Nb6 24. Kf3 c6 25. Rd6 Nd5 26. Rxc6
Nxc3 27. bxc3 Ra4 28. a3 Ra5 29. g4 h5 30. h3 Kg8 31. gxh5 Bxh3 32. Rxc4 Rxh5
33. Rc7 Ra5 34. c4 Be6 35. Ke3 Kf8 36. Kd3 Ke8 37. Bb2 Kd8 38. Rb7 Kc8 39. Rb4
g6 40. Bc1 Kc7 41. Rb3 Kc6 42. Bh6 Rc5 43. Rc3 Rh5 44. Bg7 Rh1 45. Kd4 a5 46.
Bf6 a4 47. Be7 Rb1 48. Rc2 Rb3 49. Bb4 Rb1 50. Ke5 Rb3 51. c5 Re3+ 52. Kf4 Bb3
53. Rd2 Re6 54. e4 Rf6+ 55. Kg4 Kc7 56. f4 Re6 57. e5 f6 58. exf6 Rxf6 59. Rd3
Bc2 60. Rd2 Be4 61. Re2 Re6 62. Kg5 Kc6 63. Re1 Re8 64. Rd1 Re6 65. Rd8 Kc7 66.
Ba5+ Kc6 67. Rc8+ Kb5 68. Bb4 Bc6 69. Rf8 Be4 70. Kh6 Kc6 71. Ra8 Kb7 72. Rxa4
Bc6 73. Ra5 Re4 74. Kg5 Rc4 75. Bd2 Rd4 76. Bc3 Rd3 77. Bf6 Rg3+ 78. Kh6 Rg2
79. Bd8 Rg4 80. Bg5 Be8 81. c6+ Kb6 82. Re5 Bxc6 83. Re3 Kc5 84. Kxg6 Kd4 85.
Rb3 Kc4 86. Rb4+ Kc5 87. f5 Rg3 88. Rf4 Be8+ 89. Kh6 Kd5 90. Be7 Ke5 91. Rf2
Rg4 92. Bg5 Bf7 93. f6 Rg1 94. Rb2 Bd5 95. Rb5 Ke6 96. a4 Be4 97. a5 Kf7 98.
Kh5 Bf3+ 99. Kh4 Kg6 100. Rc5 Rg4+ 101. Kh3 Ra4 102. Kg3 Be4 103. Kf2 Ra3 104.
Ke2 Rb3 105. Kd2 Ra3 106. Kc1 Rb3 107. Re5 Bf5 108. Bh4 Rb4 109. Bg5 Rb8 110.
a6 Bd7 111. Re7 Rc8+ 112. Kd2 Bc6 113. Rg7+ 1-0

[Event "2BLS 2122 SC Ötigheim - SC Eppingen"]
[Site "?"]
[Date "2022.03.06"]
[Round "2.4"]
[White "Grigoriants, Sergey"]
[Black "Hacker, Jonas"]
[Result "1/2-1/2"]
[WhiteElo "2544"]
[BlackElo "2373"]
[PlyCount "35"]
[EventDate "2022.??.??"]

1. e4 c5 2. Nf3 e6 3. d4 cxd4 4. Nxd4 Nc6 5. Nc3 Qc7 6. Be3 a6 7. a3 b5 8. Nxc6
Qxc6 9. Be2 Bb7 10. O-O Rc8 11. Bf3 Qc7 12. Bd4 Ne7 13. Bh5 Nc6 14. Qf3 d6 15.
Be3 Ne5 16. Qh3 Be7 17. Bd4 O-O 18. Qg3 1/2-1/2

[Event "2BLS 2122 SC Ötigheim - SC Eppingen"]
[Site "?"]
[Date "2022.03.06"]
[Round "2.5"]
[White "Gibicar, Danijel"]
[Black "Lai, Hing Ting"]
[Result "0-1"]
[WhiteElo "2271"]
[BlackElo "2461"]
[PlyCount "66"]
[EventDate "2022.??.??"]

1. d4 Nf6 2. Nf3 e6 3. e3 b6 4. Bd3 Bb7 5. O-O d5 6. Nbd2 c5 7. c3 Nc6 8. Ne5
Bd6 9. f4 O-O 10. Qf3 Ne7 11. g4 Ne8 12. Qh3 g6 13. b3 cxd4 14. cxd4 Rc8 15.
Qh6 f6 16. Nef3 Rc3 17. Bb1 Qc7 18. Bb2 Rxe3 19. f5 Bf4 20. Qh3 exf5 21. gxf5
g5 22. Qg2 Ba6 23. Re1 Rxe1+ 24. Nxe1 Ng7 25. Nf1 Qd7 26. Ba3 Rf7 27. Bxe7 Rxe7
28. Nd3 Be3+ 29. Nxe3 Rxe3 30. Qd2 Qe7 31. Nc1 Re1+ 32. Kf2 Rf1+ 33. Kg2 Nh5
0-1

[Event "2BLS 2122 SC Ötigheim - SC Eppingen"]
[Site "?"]
[Date "2022.03.06"]
[Round "2.6"]
[White "Daulyte-Cornette, Deimante"]
[Black "Cofmann, Veaceslav"]
[Result "0-1"]
[WhiteElo "2385"]
[BlackElo "2320"]
[PlyCount "114"]
[EventDate "2022.??.??"]

1. e4 e6 2. d4 d5 3. e5 c5 4. c3 Nc6 5. Nf3 Bd7 6. Be2 cxd4 7. cxd4 Nge7 8. O-O
Nf5 9. Nc3 Qb6 10. Na4 Qa5 11. Bd2 Qd8 12. Bf4 h6 13. a3 g5 14. Be3 g4 15. Ne1
h5 16. Nc3 a6 17. Nc2 Rc8 18. Bd3 Nh4 19. Ne1 Rg8 20. Ne2 Ng6 21. f3 Qb6 22.
Nc2 Na5 23. fxg4 hxg4 24. Ng3 Bb5 25. Bxb5+ Qxb5 26. b4 Nc4 27. Qxg4 Ncxe5 28.
dxe5 Rxc2 29. Rac1 Rxc1 30. Rxc1 Qd3 31. Bb6 Ne7 32. Qf4 Nc6 33. Nh5 Be7 34.
Nf6+ Bxf6 35. exf6 e5 36. Re1 Kd7 37. Qf2 Rg4 38. Re3 Qg6 39. g3 Rc4 40. Qd2
Ke6 41. Rd3 d4 42. Qe2 Kd5 43. Rd1 e4 44. Qa2 e3 45. Rc1 Ne5 46. Bc7 Nf3+ 47.
Kg2 Nd2 48. Bf4 Qe4+ 49. Kh3 Qd3 50. Kg4 Qe2+ 51. Kh3 Ke4 52. Rxc4 Qxc4 53. Qb2
Kf3 54. Kh4 Qe6 55. h3 Qxf6+ 56. Kh5 Qg6+ 57. Kh4 f6 0-1

[Event "2BLS 2122 SC Ötigheim - SC Eppingen"]
[Site "?"]
[Date "2022.03.06"]
[Round "2.7"]
[White "Bilchinski, Anton"]
[Black "Kabos, Tobias"]
[Result "1/2-1/2"]
[WhiteElo "2235"]
[BlackElo "2342"]
[PlyCount "30"]
[EventDate "2022.??.??"]

1. d4 d5 2. c4 e6 3. Nc3 Nf6 4. cxd5 Nxd5 5. e4 Nxc3 6. bxc3 c5 7. Nf3 cxd4 8.
cxd4 Bb4+ 9. Bd2 Bxd2+ 10. Qxd2 O-O 11. Rc1 a6 12. Be2 Nd7 13. O-O Nf6 14. Qf4
Bd7 15. Bd3 Bb5 1/2-1/2

[Event "2BLS 2122 SC Ötigheim - SC Eppingen"]
[Site "?"]
[Date "2022.03.06"]
[Round "2.8"]
[White "Kuehn, Kolja"]
[Black "Hamid, Emran"]
[Result "1/2-1/2"]
[WhiteElo "2127"]
[BlackElo "2186"]
[PlyCount "82"]
[EventDate "2022.??.??"]

1. e4 c5 2. Nf3 Nc6 3. Bb5 g6 4. Bxc6 dxc6 5. d3 Bg7 6. h3 Nf6 7. Nc3 Nd7 8.
Be3 e5 9. Qd2 h6 10. O-O Qe7 11. Nh2 Nf8 12. f4 exf4 13. Bxf4 Ne6 14. Bg3 Nd4
15. Rae1 O-O 16. e5 Bf5 17. Ne4 Bxe4 18. Rxe4 Nf5 19. Bf4 Kh7 20. c3 Qe6 21.
Ng4 Rad8 22. Nxh6 Nxh6 23. Bxh6 Bxh6 24. Rh4 g5 25. Qxg5 Qg6 26. Qe7 Rde8 27.
Qxc5 Qg5 28. Qb4 c5 29. Qc4 f5 30. exf6 Rxf6 31. Rxf6 Qxf6 32. Re4 Rf8 33. Qxc5
Qf1+ 34. Kh2 Bf4+ 35. g3 Bxg3+ 36. Kxg3 Rf3+ 37. Kh4 Qxh3+ 38. Kg5 Qh6+ 39. Kg4
Qh3+ 40. Kg5 Qh6+ 41. Kg4 Qh3+ 1/2-1/2

[Event "2BLS 2122 OSG Baden-Baden II - SC Böbl"]
[Site "?"]
[Date "2022.03.06"]
[Round "2.1"]
[White "Gaehwiler, Gabriel"]
[Black "Dann, Matthias"]
[Result "1-0"]
[WhiteElo "2406"]
[BlackElo "2456"]
[PlyCount "77"]
[EventDate "2022.??.??"]

1. d4 Nf6 2. Nf3 e6 3. c4 b6 4. g3 Ba6 5. Nbd2 Bb4 6. Qc2 Bb7 7. Bg2 Be4 8. Qa4
Bxd2+ 9. Bxd2 O-O 10. O-O h6 11. Bc3 c6 12. c5 Nd5 13. Nd2 Bxg2 14. Kxg2 d6 15.
cxb6 Nxb6 16. Qa3 d5 17. Rfc1 Qf6 18. b3 N8d7 19. Qd6 Rfc8 20. Rc2 Qd8 21. Ba5
Qf6 22. Nf3 c5 23. Bxb6 Nxb6 24. Rxc5 Rxc5 25. Qxc5 Rc8 26. Qa3 Rc2 27. Qxa7
Nc8 28. Qa6 Qd8 29. Ne1 Rc3 30. Nd3 Qc7 31. Nc5 Nd6 32. a4 Nf5 33. e3 Qe7 34.
Qe2 Qf6 35. Rd1 Qg6 36. Kg1 Nh4 37. Nd3 Rxb3 38. Ne5 Qg5 39. f4 1-0

[Event "2BLS 2122 OSG Baden-Baden II - SC Böbl"]
[Site "?"]
[Date "2022.03.06"]
[Round "2.2"]
[White "Bellahcene, Bilel"]
[Black "Ortmann, David"]
[Result "1-0"]
[WhiteElo "2520"]
[BlackElo "2330"]
[PlyCount "107"]
[EventDate "2022.??.??"]

1. e4 e6 2. d4 d5 3. Nc3 dxe4 4. Nxe4 Bd7 5. Nf3 Bc6 6. Bd3 Nd7 7. O-O Ngf6 8.
Ng3 g6 9. b3 Bg7 10. Ba3 Bf8 11. Bb2 Bg7 12. c4 O-O 13. Re1 a5 14. a3 Bxf3 15.
Qxf3 c6 16. Re2 Qb6 17. Bc2 Rfd8 18. Rd1 Qa6 19. a4 Rac8 20. Nf1 Qb6 21. Ne3
Qc7 22. Red2 Ne8 23. Ba3 Ndf6 24. g3 e5 25. d5 c5 26. Bb2 Qe7 27. Re2 e4 28.
Qg2 Nd6 29. Nf1 Re8 30. Nd2 Qd7 31. Rde1 Re7 32. Bxe4 Rce8 33. Bd3 Rxe2 34.
Rxe2 Rxe2 35. Bxe2 Qe7 36. Qf3 Nfe4 37. Nxe4 Qxe4 38. Qxe4 Nxe4 39. Bc1 Bd4 40.
Kg2 Kg7 41. Bf4 Kf6 42. Bc7 Bc3 43. Bf3 Nd2 44. d6 Ke6 45. Bxb7 Kd7 46. Ba6 Ne4
47. Bb5+ Kc8 48. f3 Nf6 49. g4 g5 50. Bc6 Be5 51. Bxa5 Bxd6 52. Bd2 Bf4 53.
Bxf4 gxf4 54. g5 1-0

[Event "2BLS 2122 OSG Baden-Baden II - SC Böbl"]
[Site "?"]
[Date "2022.03.06"]
[Round "2.3"]
[White "Hirneise, Jens"]
[Black "Breder, Dennis"]
[Result "1-0"]
[WhiteElo "2327"]
[BlackElo "2481"]
[PlyCount "77"]
[EventDate "2022.??.??"]

1. e4 c5 2. Nf3 Nc6 3. d4 cxd4 4. Nxd4 e5 5. Nb5 d6 6. N1c3 a6 7. Na3 Be6 8.
Nc4 Rb8 9. Nd5 Bxd5 10. exd5 Nce7 11. Be2 Nf6 12. Ne3 g6 13. O-O Bh6 14. c4 O-O
15. a4 a5 16. b4 axb4 17. Qb3 Ne4 18. Qxb4 f5 19. f3 Nc5 20. Bd2 f4 21. Ng4 Bg7
22. Nf2 e4 23. fxe4 Bxa1 24. Rxa1 g5 25. Bc3 Ng6 26. Bh5 Re8 27. Bxg6 hxg6 28.
e5 Rc8 29. Qb1 Kh7 30. e6 Rf8 31. Bd4 g4 32. Nxg4 Qh4 33. Qd1 Ne4 34. Qe2 Ng5
35. e7 Rfe8 36. Bf2 Nh3+ 37. gxh3 Qg5 38. Qe6 Rc7 39. Qf7+ 1-0

[Event "2BLS 2122 OSG Baden-Baden II - SC Böbl"]
[Site "?"]
[Date "2022.03.06"]
[Round "2.4"]
[White "Martin, Julian"]
[Black "Seitz, Patrick"]
[Result "1-0"]
[WhiteElo "2388"]
[BlackElo "2201"]
[PlyCount "74"]
[EventDate "2022.??.??"]

1. e4 c5 2. Nf3 Nc6 3. Bb5 d6 4. O-O Bd7 5. Re1 e5 6. c3 Nf6 7. d4 cxd4 8. cxd4
Be7 9. Nc3 O-O 10. h3 Re8 11. d5 Na5 12. Bd3 Rc8 13. Ne2 a6 14. b3 Bb5 15. Bb1
Bxe2 16. Qxe2 Qd7 17. Bd3 b5 18. Bd2 Bd8 19. Rec1 Bb6 20. b4 Nc4 21. Bxc4 bxc4
22. Rxc4 Rxc4 23. Qxc4 Qa7 24. Rf1 Nh5 25. a4 Ng3 26. Rc1 Bxf2+ 27. Kh2 f5 28.
Qc6 Rd8 29. Ng5 h6 30. Ne6 Nxe4 31. Be1 Rb8 32. b5 axb5 33. axb5 Qe3 34. Bxf2
Qxf2 35. Qc7 Qg3+ 36. Kg1 Qf2+ 37. Kh1 Ng3+ 1-0

[Event "2BLS 2122 OSG Baden-Baden II - SC Böbl"]
[Site "?"]
[Date "2022.03.06"]
[Round "2.5"]
[White "Mueller, Ralf"]
[Black "Riff, Jean-Noel"]
[Result "1/2-1/2"]
[WhiteElo "2333"]
[BlackElo "2445"]
[PlyCount "22"]
[EventDate "2022.??.??"]

1. d4 Nf6 2. c4 e6 3. Nf3 d5 4. g3 Bd6 5. Nc3 O-O 6. Bg2 Nc6 7. O-O dxc4 8. Qa4
e5 9. dxe5 Nxe5 10. Nxe5 Bxe5 11. Qxc4 c6 1/2-1/2

[Event "2BLS 2122 OSG Baden-Baden II - SC Böbl"]
[Site "?"]
[Date "2022.03.06"]
[Round "2.6"]
[White "Schmider, Niklas"]
[Black "Tran, Thanh Kien"]
[Result "1-0"]
[WhiteElo "2352"]
[BlackElo "2158"]
[PlyCount "85"]
[EventDate "2022.??.??"]

1. e4 c6 2. Nc3 d5 3. Nf3 dxe4 4. Nxe4 Nf6 5. Qe2 Nxe4 6. Qxe4 Qd5 7. Qh4 Qe6+
8. Be2 Qg4 9. Qg3 Qxg3 10. hxg3 Bf5 11. c3 Nd7 12. d4 h6 13. Bf4 e6 14. O-O-O
O-O-O 15. Nd2 Nb6 16. Nf3 Nd7 17. a4 a5 18. Nd2 Nb6 19. Nb3 Nxa4 20. Nxa5 Nb6
21. g4 Bh7 22. c4 Be7 23. Be3 Kc7 24. Bf4+ Kc8 25. Rh3 Bb4 26. Nb3 Bg6 27. Nc5
Rxd4 28. Rxd4 Bxc5 29. Be3 Bxd4 30. Bxd4 Nd7 31. Bxg7 Rh7 32. Bxh6 Nc5 33. Be3
Nd3+ 34. Kd2 Ne5 35. Bd4 Nd7 36. Bd3 Nf8 37. Bc5 Nd7 38. Bxg6 Rg7 39. Bd6 Nf6
40. Bd3 Rxg4 41. Rf3 Ne4+ 42. Bxe4 Rxe4 43. Rf4 1-0

[Event "2BLS 2122 OSG Baden-Baden II - SC Böbl"]
[Site "?"]
[Date "2022.03.06"]
[Round "2.7"]
[White "Vujic, Branimir"]
[Black "Schmaltz, Roland"]
[Result "1/2-1/2"]
[WhiteElo "2277"]
[BlackElo "2460"]
[PlyCount "54"]
[EventDate "2022.??.??"]

1. d4 Nf6 2. Nf3 g6 3. e3 Bg7 4. Be2 d6 5. O-O O-O 6. c4 Nbd7 7. Nc3 e5 8. Qc2
Re8 9. b4 exd4 10. exd4 Nf8 11. h3 Bf5 12. Bd3 Bxd3 13. Qxd3 d5 14. Bg5 dxc4
15. Qxc4 Ne6 16. Be3 c6 17. Rac1 a6 18. a4 Rc8 19. Rfd1 Nd5 20. Nxd5 Qxd5 21.
b5 axb5 22. axb5 f5 23. bxc6 bxc6 24. Ng5 Nxg5 25. Bxg5 h6 26. Be3 g5 27. g3
Kh7 1/2-1/2

[Event "2BLS 2122 OSG Baden-Baden II - SC Böbl"]
[Site "?"]
[Date "2022.03.06"]
[Round "2.8"]
[White "Trifan, Andrei Ioan"]
[Black "Schroeter, Samuel"]
[Result "1-0"]
[WhiteElo "2239"]
[BlackElo "2174"]
[PlyCount "59"]
[EventDate "2022.??.??"]

1. e4 g6 2. d4 Bg7 3. Nc3 c5 4. dxc5 Qa5 5. Bd2 Qxc5 6. Nd5 Na6 7. Rb1 e6 8. b4
Qf8 9. b5 exd5 10. bxa6 bxa6 11. Bb4 d6 12. Qxd5 Rb8 13. Bxa6 Bd7 14. Ne2 Nf6
15. Qd3 Qe7 16. O-O Qxe4 17. Bxd6 Rxb1 18. Rxb1 Bc6 19. Qh3 Qg4 20. Qe3+ Qe4
21. Qg3 Qg4 22. Qe5+ Qe6 23. Bb5 Bxb5 24. Qxb5+ Nd7 25. Rd1 Bf8 26. Nf4 Qf5 27.
Qc6 Bxd6 28. Qxd6 g5 29. Nd5 f6 30. Qe7# 1-0